Das Handwerk Im Wachstum der Wirtschaft : Eine Statistische Analyse.

Bibliographic Details
Main Author: Beckermann, Theo.
Format: eBook
Language:German
Published: Berlin : Duncker & Humblot, 1974.
Edition:1st ed.
Series:Schriften des Rheinisch-Westfälischen Instituts Für Wirtschaftsforschung Series
Subjects:
Online Access:Click to View
LEADER 02692nam a22003853i 4500
001 EBC7100911
003 MiAaPQ
005 20240729202203.0
006 m o d |
007 cr cnu||||||||
008 240729s1974 xx o ||||0 ger d
020 |a 9783428430994  |q (electronic bk.) 
020 |z 9783428030996 
035 |a (MiAaPQ)EBC7100911 
035 |a (Au-PeEL)EBL7100911 
035 |a (OCoLC)1347029158 
040 |a MiAaPQ  |b eng  |e rda  |e pn  |c MiAaPQ  |d MiAaPQ 
100 1 |a Beckermann, Theo. 
245 1 4 |a Das Handwerk Im Wachstum der Wirtschaft :  |b Eine Statistische Analyse. 
250 |a 1st ed. 
264 1 |a Berlin :  |b Duncker & Humblot,  |c 1974. 
264 4 |c ©1974. 
300 |a 1 online resource (143 pages) 
336 |a text  |b txt  |2 rdacontent 
337 |a computer  |b c  |2 rdamedia 
338 |a online resource  |b cr  |2 rdacarrier 
490 1 |a Schriften des Rheinisch-Westfälischen Instituts Für Wirtschaftsforschung Series 
505 0 |a Intro -- Vorwort -- Inhalt -- Tabellenverzeichnis -- Verzeichnis der Schaubilder -- Teil I -- Erstes Kapitel: Definitionen -- Zweites Kapitel: Querschnittsanalyse -- 1. Das Handwerk im Ablauf der Konjunktur -- 2. Die Entwicklung im Vergleich zur Gesamtwirtschaft -- 3. Die Wachstumsfaktoren -- a) Veränderungen des Arbeitspotentials... -- b) ...und des Kapitalbestandes -- 4. Zwischen Expansion und Stagnation -- 5. Wachstum - Produktivität - Kapitalintensität -- Drittes Kapitel: Zur Entwicklung einzelner Zweige -- 1. Expansionshandwerke -- 2. Wachstumshandwerke -- 3. Stagnationshandwerke -- Viertes Kapitel: Zusammenfassung -- 1. Nettoproduktionswerte - Betriebe und Beschäftigte -- 2. Marktchancen - Umwelteinflüsse -- 3. Neue Produktionsverfahren - technische Rationalisierung -- 4. Spezialisierung - Diversifikation -- 5. Neue Angebotsformen - Kooperation -- 6. Verflechtungen -- Teil II: Statistischer Anhang -- Erläuterungen zur Methode -- 1. Arbeitsleistung und Beschäftigtenzahl -- 2. Bruttoanlagevermögen -- Tabellenanhang. 
588 |a Description based on publisher supplied metadata and other sources. 
590 |a Electronic reproduction. Ann Arbor, Michigan : ProQuest Ebook Central, 2024. Available via World Wide Web. Access may be limited to ProQuest Ebook Central affiliated libraries.  
655 4 |a Electronic books. 
776 0 8 |i Print version:  |a Beckermann, Theo  |t Das Handwerk Im Wachstum der Wirtschaft  |d Berlin : Duncker & Humblot,c1974  |z 9783428030996 
797 2 |a ProQuest (Firm) 
830 0 |a Schriften des Rheinisch-Westfälischen Instituts Für Wirtschaftsforschung Series 
856 4 0 |u https://ebookcentral.proquest.com/lib/matrademy/detail.action?docID=7100911  |z Click to View